000 00705nam a2200181Ia 4500
008 100920s9999 xx 000 0 und d
082 _b8910
_a891.43 0
100 _aव्दिवेदी हजारीप्रसाद.
245 _aहिन्दी नाटक उद्भव और विकास.
260 _bराजपाल एण्ड सन्स, दिल्ली.
_c0
300 _a556
_bसाधी
365 _b9
520 _aहिंदी.
630 _aहिन्दी नाटक उद्भव और विकास.
650 _aहिंदी.
730 _aहिन्दी नाटक उद्भव और विकास.
942 _cBOOK
999 _c676055
_d676052